[Event "UGA-chT"]
[Site "Kampala"]
[Date "2022.07.24"]
[Round "2"]
[White "Kiyaga, Samuel"]
[Black "Eculo, Isaac"]
[Result "1-0"]
[WhiteElo "1789"]
[BlackElo "1675"]
[PlyCount "33"]
[EventDate "2022.07.10"]
[EventType "team-swiss"]
[EventRounds "14"]
[EventCountry "UGA"]
[SourceTitle "EXT 2024"]
[Source "ChessBase"]
[SourceDate "2023.10.10"]
[SourceVersion "1"]
[SourceVersionDate "2023.10.10"]
[SourceQuality "1"]
[WhiteTeam "SOM Katwe"]
[BlackTeam "UIAHMS CC"]
[WhiteTeamCountry "UGA"]
[BlackTeamCountry "UGA"]

1. e4 c6 2. d4 d5 3. exd5 cxd5 4. Bb5+ Nc6 5. c4 Nf6 6. Nc3 e6 7. Nf3 a6 8. Bxc6+ bxc6 9. Ne5 c5 10. Bg5 Be7 11. dxc5 d4 12. Qf3 Ra7 13. Ne4 0-0 14. Nc6 Qd7 15. Nxe7+ Qxe7 16. Nxf6+ gxf6 17. Bxf6 1-0

[Event "UGA-chT 2122"]
[Site "Kampala"]
[Date "2021.11.07"]
[Round "3.4"]
[White "Masiko, Ezekiel"]
[Black "Kiyaga, Samuel"]
[Result "0-1"]
[WhiteElo "1830"]
[BlackElo "1791"]
[PlyCount "44"]
[EventDate "2021.10.24"]
[EventType "team-swiss"]
[EventRounds "14"]
[EventCountry "UGA"]
[SourceTitle "EXT 2023"]
[Source "ChessBase"]
[SourceDate "2022.10.05"]
[SourceVersion "1"]
[SourceVersionDate "2022.10.05"]
[SourceQuality "1"]
[WhiteTeam "Crestals CC"]
[BlackTeam "SOM Katwe"]
[WhiteTeamCountry "UGA"]
[BlackTeamCountry "UGA"]

1. d4 e6 2. c4 d5 3. Nc3 Nc6 4. e3 Bb4 5. Qc2 e5 6. dxe5 Nxe5 7. cxd5 Qxd5 8. Bd2 Bxc3 9. Qxc3 Bf5 10. f4 Ng4 11. Qxg7 0-0-0 12. Nf3 N8f6 13. Qg5 Ne4 14. Bc4 Qd7 15. Qh5 Nxd2 16. 0-0-0 Nf6 17. Qh4 Qa4 18. Rxd2 Qxc4+ 19. Kd1 Rxd2+ 20. Nxd2 Bg4+ 21. Nf3 Rd8+ 22. Ke1 Qc1+ 0-1

[Event "Kiwawu op 12th"]
[Site "Kiwawu"]
[Date "2018.12.13"]
[Round "6"]
[White "Musiime, Martin"]
[Black "Kiyaga, Samuel"]
[Result "0-1"]
[WhiteElo "2015"]
[BlackElo "1696"]
[PlyCount "73"]
[EventDate "2018.12.11"]
[EventType "swiss"]
[EventRounds "8"]
[EventCountry "UGA"]
[SourceTitle "CBM 187 Extra"]
[Source "ChessBase"]
[SourceDate "2018.11.04"]
[SourceVersion "1"]
[SourceVersionDate "2018.11.04"]
[SourceQuality "1"]

1. d4 e6 2. c4 d5 3. Nc3 Nf6 4. Bg5 Be7 5. Nf3 0-0 6. e3 h6 7. Bh4 b6 8. Bxf6 Bxf6 9. cxd5 exd5 10. Bd3 Bg4 11. 0-0 c6 12. h3 Be6 13. Rc1 c5 14. b3 Nd7 15. Ne2 Rc8 16. Nf4 cxd4 17. Nxe6 fxe6 18. exd4 Qe7 19. Bc2 Rfd8 20. Qd3 Nf8 21. Rfe1 Qa3 22. Qd2 Kh8 23. Bb1 Be7 24. Qe3 Bb4 25. Red1 Qb2 26. Rxc8 Rxc8 27. Ne5 Qc3 28. Qf4 Qc7 29. Qg4 Kg8 30. Ng6 Qf7 31. Nf4 Bd6 32. Nh5 g6 33. Ng3 Qf4 34. Qe2 Rc1 35. Qd3 Rxd1+ 36. Qxd1 h5 37. Nf1 0-1

[Event "UGA-chT"]
[Site "Kampala"]
[Date "2018.06.22"]
[Round "5.4"]
[White "Kiyaga, Samuel"]
[Black "Kalule, Caxton"]
[Result "1/2-1/2"]
[WhiteElo "1648"]
[BlackElo "1630"]
[PlyCount "44"]
[EventDate "2018.05.24"]
[EventType "team-swiss"]
[EventRounds "14"]
[EventCountry "UGA"]
[SourceTitle "CBM 187 Extra"]
[Source "ChessBase"]
[SourceDate "2018.11.04"]
[SourceVersion "1"]
[SourceVersionDate "2018.11.04"]
[SourceQuality "1"]
[WhiteTeam "SOM Katwe"]
[BlackTeam "Makindye CC"]
[WhiteTeamCountry "UGA"]
[BlackTeamCountry "UGA"]

1. e4 Nc6 2. d4 e5 3. Nf3 exd4 4. Nxd4 Bc5 5. Be3 Qf6 6. c3 Nge7 7. Qd2 0-0 8. Nxc6 Qxc6 9. Bxc5 Qxc5 10. Bd3 d6 11. 0-0 Ng6 12. b4 Qh5 13. Bc2 Qh4 14. Qe3 Re8 15. Nd2 d5 16. g3 Qe7 17. exd5 Qxe3 18. fxe3 Rxe3 19. Bb3 Rxc3 20. d6 Be6 21. Bxe6 fxe6 22. Ne4 Rc4 1/2-1/2

[Event "Kampala Kawuma op"]
[Site "Kampala"]
[Date "2018.03.11"]
[Round "8"]
[White "Nsubuga, Ritah N"]
[Black "Kiyaga, Samuel"]
[Result "1-0"]
[WhiteElo "1498"]
[BlackElo "1674"]
[PlyCount "33"]
[EventDate "2018.03.08"]
[EventType "swiss"]
[EventRounds "8"]
[EventCountry "UGA"]
[SourceTitle "EXT 2019"]
[Source "ChessBase"]
[SourceDate "2018.10.10"]
[SourceVersion "1"]
[SourceVersionDate "2018.10.10"]
[SourceQuality "1"]

1. e4 e6 2. Nf3 d5 3. exd5 Qxd5 4. Nc3 Qd8 5. Be2 Nc6 6. 0-0 b6 7. Bb5 Bd7 8. Re1 Bc5 9. Ne5 Nxe5 10. Rxe5 Nf6 11. d3 Bxf2+ 12. Kxf2 Bxb5 13. Nxb5 Ne4+ 14. Rxe4 a6 15. Nc3 c5 16. Qf3 Qh4+ 17. Rxh4 1-0

[Event "Kampala Kawuma op"]
[Site "Kampala"]
[Date "2018.03.10"]
[Round "6"]
[White "Pido, Edwin"]
[Black "Kiyaga, Samuel"]
[Result "0-1"]
[WhiteElo "1239"]
[BlackElo "1674"]
[PlyCount "66"]
[EventDate "2018.03.08"]
[EventType "swiss"]
[EventRounds "8"]
[EventCountry "UGA"]
[SourceTitle "EXT 2019"]
[Source "ChessBase"]
[SourceDate "2018.10.10"]
[SourceVersion "1"]
[SourceVersionDate "2018.10.10"]
[SourceQuality "1"]

1. e4 e6 2. d4 d5 3. e5 c5 4. Nf3 Nc6 5. Be3 b6 6. Bb5 Bb7 7. c3 a6 8. Ba4 b5 9. Bb3 cxd4 10. cxd4 Bb4+ 11. Nbd2 Nge7 12. 0-0 Nf5 13. Rc1 Rc8 14. a3 Ba5 15. Ba2 Bxd2 16. Qxd2 0-0 17. Bb1 Nxe3 18. fxe3 g6 19. Rf2 Na5 20. Rff1 Nc4 21. Qe2 Qe7 22. Qd3 Kg7 23. Nd2 Nxb2 24. Qb3 Nc4 25. Nxc4 bxc4 26. Qc3 Qc7 27. Qe1 a5 28. e4 Ba8 29. Qe3 Qe7 30. Qf3 Rb8 31. exd5 Bxd5 32. Qxf7+ Rxf7 33. Rxf7+ Qxf7 0-1